Za kúskom Slovenska La multi ani, Romania! Od vyslaných redaktoriek Slovenky

Bibliographic Details
Main Authors: Remiášová, Alžbeta (Author), Valehrachová Holčíková, Gabriela, 1952- (Author)
Format: Article
Language:Slovak
PhysicalDescription:Obr. 5.
Subjects:

MARC

LEADER 00000nab a2200000 a 4500
001 vtls000368686
003 SK-MaSNL
005 20260304042427.0
008 240102c1990 xo 0 slo
015 |a SNBRB19rr/mm-uuuuu 
035 |a CL0368808 
040 |a SNKBUCL  |b slo  |c SNKBUCL  |e AACR2 
041 0 |a slo 
044 |a xo  |c SK 
080 |a 323.113(498=854)  |2 1981 
100 1 |a Remiášová, Alžbeta  |4 aut  |9 721302 
245 1 0 |a Za kúskom Slovenska  |b La multi ani, Romania! Od vyslaných redaktoriek Slovenky  |c Alžbeta Remiášová, Gabriela Valehrachová 
300 |b Obr. 5. 
650 0 7 |a Slováci v zahraničí  |2 snkbucl  |9 14695 
651 7 |a Rumunsko  |2 snkbucl  |9 17409 
655 7 |a články z novín a časopisov  |2 snkbucl  |9 267496 
700 1 |a Valehrachová Holčíková, Gabriela,  |d 1952-  |4 aut  |9 7815 
773 0 |t Slovenka  |g Roč. 42, č. 5 (1990), s. /4-5/ 
850 |a Slovenská národná knižnica v Martine  |a MTA001 
852 |a SNK  |b KIS3GCP 
958 |a RK 
958 |a RO 
992 |a RBX 
999 |c 2674331  |d 2676261